| 000 | 00762nam a2200229 a 4500 | ||
|---|---|---|---|
| 999 |
_c4430 _d4430 |
||
| 001 | 4430 | ||
| 003 | BD-JhCC | ||
| 005 | 20180127085843.0 | ||
| 008 | 171127b1985 b |||| || | 000 0 be d | ||
| 035 | _a(BD-JhCC)4430 | ||
| 040 |
_aBD-JhCC _dBD-JhCC |
||
| 041 | _aben | ||
| 082 |
_a630 _bRAH 1985 |
||
| 100 | _aরহমান, প্রফেসর আব্দু র | ||
| 245 |
_aগৃহপালিত পশুর তান্ত্রিক রোগ তত্ত্ব / _c প্রফেসর আব্দু ররহমান, |
||
| 260 |
_aঢাকা : _bবাংলা একাডেমী, _c1985. |
||
| 300 |
_a367 p. : _c20 cm. |
||
| 650 | _aAnimal Disease | ||
| 650 | _aDomestic Animal Disease | ||
| 942 |
_2ddc _cBK |
||